000 00672nam a2200205 i 4500
001 165397
003 ES-MaACL
005 20240218063024.0
008 050823s1859 fr | |||||||| ||fre d
040 _aCAM
_bspa
_cCAM
100 1 _aSimon, Jules,
_d1814-1896
_9224189
245 1 3 _aLa liberté de conscience /
_cpar Jules Simon.
250 _a3e éd.
260 _aParis :
_bLibrairie de L. Hachette et c\pie\s,
_c1859 (
_fImprimerie de Ch. Lahure et c\pie\s)
300 _a464 p. ;
_c18 cm.
650 4 _aLibertad religiosa.
_914416
650 4 _aLibertad de pensamiento.
_9136407
852 _aES-MaACL
_jD-1985
_z-- Enc. hol.
999 _c165397
_d165397